D'où viennent ces paroles ? #1 - Statistiques

Statistiques générales
  • Ce quiz a été pris 46 fois
  • Le résultat moyen est 3 sur 10
Statistiques - réponses
Hint Réponse % Correct
Oh, Jésus de Nazareth, tous les jours, je fume, j'me dis : "Demain, j'arrête" réseaux
77%
Si le monsieur dort dehors, c'est qu'il aime le bruit des voitures tout va bien
77%
M'écoute pas si tu préfères ton rap de caissier qui vend pas désaccordé
74%
Famas, Kalash, neuf millimètres, Uzi et P-38 Les armes sont payantes, mais les rafales sont gratuites arrêt du coeur
28%
Y'a des soirs on quitte la maison juste pour voir à quel point c'est sombre, Dehors il pleut toutes les saisons j'ai tête sous l'eau, oh my god dehors dans la night
15%
J'm'en vais là-haut sur la butte, pour regarder la ville, Une gargouille de plus, les rues sont folles on dirait des rapides là haut
13%
Un xan, deux xan, j'commence à marcher comme un mort-vivant,J’sais qu'j'vais brûler mais tous les jours au réveil, j’remercie l'Seigneur d'être encore vivant intro
8%
Tu l'appelles Mère Patrie, j'l'appelle Dame Nation, le piège
3%
J'attends plus rien de personne, c'est pas les beaux discours qui réchauffent quand je frissonne les pleurs du mal
3%
J'suis v'nu au monde en pleurant, et chaque jour j'comprends pourquoi mort
3%
Aucun quiz correspondant
Distribution des résultats
% des personnes avec chaque résultat
Percentile par nombre de réponses
Votre historique - résultats
Vous n’avez pas pris ce quiz